• 首页
  • 本馆介绍
  • 公告通知
  • 最新文献
  • 馆藏检索
  • 电子资源
  • 读者导购
  • 参考咨询
  • 我的图书馆
  • 登录
  • 详细信息显示
  • 放入我的书架
  • 预约/预借图书
  • 作者相关作品
  • 分类相关作品
  • 丛书相关作品
  • 出版社相关作品

书目信息

  • 表格格式
  • 工作单格式
  • 卡片格式
题名:
科学年鉴
    
 
作者: 诺尔特 主编
分册: 1973  
出版信息: 北京   科学出版社  1973
页数: 272页
开本: 26cm
丛书名:
单 册:
中图分类: N54
科图分类:
主题词: 自然科学--年鉴 , 自然科学--年刊
电子资源:
ISBN:
000 00564nam0 2200205 45
001 0312221749
005 20060602105200.68
010    @dCNY2.70
091    @a13031.154
100    @a20031222d1973 km y0chiy0120 ea
101    @achi@ceng
200 1  @a科学年鉴@AKe Xue Nian Jian@h1973@f(美)威廉H·诺尔特主编@F(Mei)Wei Lian H·Nuo Er Te Zhu Bian
210    @a北京@c科学出版社@d1973
215    @a272页@d26cm
606 0  @a自然科学@x年鉴
606 0  @a自然科学@x年刊
690    @aN54@v3
701 0  @a诺尔特@4主编
801    @aCN@bTSTCL@c20060602
905    @dN54@e120(1973)
    
    科学年鉴.1973/(美)威廉H·诺尔特主编.-北京:科学出版社,1973
    272页;26cm
    
    
    ISBN :CNY2.70
    
●
相关链接 在E读中查询图书 在五车中查询图书 在当当中查询图书 在豆瓣中查询图书


正题名:科学年鉴     索取号:N54/120(1973)         预约/预借

序号 登录号 条形码 馆藏地/架位号 状态 备注
1 0421939   204219390   密集书库/ [索取号:N54/120(1973)] 在馆    
2 0421940   204219407   密集书库/ [索取号:N54/120(1973)] 在馆    
唐山师范学院图书馆 欢迎您!
大连网信软件有限公司© 版权所有